000 00881nam a2200253Ia 4500
003 OSt
005 20221005103914.0
006 a|||||r|||| 00| 0
007 ta
008 221004b |||||||| |||| 00| 0 hin d
020 _a9788189486181 (hbk)
_c255
024 _a105698
037 _b12954, 18/03/2011, Kitab Ghar
_cTextual
040 _aCRL
_cCRL
_bhin
041 _2hin
_ahin
082 _aDelta2y7M63,7, 152L7;Q1
100 _aस्वामी विवेकानन्द
245 0 _aज्ञानयोग
246 _aJnyānayoga
260 _aदिल्ली
_bकादम्बरी प्रकाशन भारत
_c2011
300 _a192पृ0
_ccm.
942 _hDelta2y7M63,7, 152L7;Q1
_cTEXL
_2cc
999 _c1011231
_d1011231